Normal view
MARC view
Entry Personal Name
001 - CONTROL NUMBER
- control field: 19066
003 - CONTROL NUMBER IDENTIFIER
- control field: OSt
005 - DATE AND TIME OF LATEST TRANSACTION
- control field: 20240822164035.0
008 - FIXED-LENGTH DATA ELEMENTS
- fixed length control field: 240822|| aca||aabn | a|a d
040 ## - CATALOGING SOURCE
- Original cataloging agency: OSt
- Transcribing agency: OSt
100 ## - HEADING--PERSONAL NAME
- Personal name: Keat, Paul G
670 ## - SOURCE DATA FOUND
- Source citation: Work cat.: (OSt)9330: Keat, Paul G, Managerial Economics:, 2005
